000 00317 a2200145 4500
001 185986
020 _a
040 _cMagnum
100 _aAlmeida, Silas Leite de
240 1 0 _aEscravo a governador
_lpor
245 1 0 _aEscravo a governador
300 _a31
697 _aLITERATURA INFANTO-JUVENIL
942 _cBK
999 _c185986
_d185986